Normal view
MARC view
- Grubbs Peggy & Blasband B
Entry Personal Name
001 - CONTROL NUMBER
- control field: 178032
003 - CONTROL NUMBER IDENTIFIER
- control field: OSt
005 - DATE AND TIME OF LATEST TRANSACTION
- control field: 20230314152327.0
008 - FIXED-LENGTH DATA ELEMENTS
- fixed length control field: 230314|| aca||aabn | a|a d
040 ## - CATALOGING SOURCE
- Original cataloging agency: OSt
- Transcribing agency: OSt
100 ## - HEADING--PERSONAL NAME
- Personal name: Grubbs Peggy & Blasband B
670 ## - SOURCE DATA FOUND
- Source citation: Work cat.: (OSt)138560: Grubbs Peggy & Blasband B, Long term care nursing assistant, 2005